000 01164naa a22003017a 4500
001 BR7805839
003 BR-BrBNA
005 20240918174225.0
007 ta
008 230509b bl.||||| |||| 00| 0 por d
040 _aBR-BrBNA
_bpor
_cBiblioteca Nacional de Agricultura
041 _a(Pt)
072 _aU10; L50
_b5212
_bG514
090 _aU10 BR7805839
100 1 _aSilveira Junior, P.
100 1 _aMoraes, R.S.
111 1 _a3. Simposio Nacional de Probabilidade e Estatistica
_cSao Paulo, SP (Brazil)
_d24 Jul 1978
245 1 _aEstudo de alguns modelos exponenciais no crescimento de bovinos da raca ibage [Matematica; Rio Grande do Sul; Brasil]
_bParte de tese
260 3 _aSao Paulo, SP (Brasil):
_c1978.
500 _aAtas do 3. Simposio Nacional de Probabilidade e Estatistica Sao Paulo, SP (Brasil): 1978. p. 15-23 (BR7805839-AM)U10
650 _aBOVINO
650 _aCRESCIMENTO
650 _aESTATISTICA
650 _aRIO GRANDE DO SUL
773 0 _tAtas do 3. Simposio Nacional de Probabilidade e Estatistica
_wU10 BR7805839
_gSao Paulo, SP (Brasil), 1978. p. 15-23
909 _a202404
_bLucia
_c55
_dLucia Elande
942 _cAM
_2AGRIS
999 _c309706
_d309706